Drapeaux en 30 secondes #5 - Statistiques

Statistiques générales
  • Ce quiz a été pris 198 fois
  • Le résultat moyen est 8 sur 15
Statistiques - réponses
Hint Réponse % Correct
Cuba 🇨🇺
79%
Jamaïque 🇯🇲
75%
Panama 🇵🇦
66%
Costa rica 🇨🇷
66%
Haïti 🇭🇹
61%
Salvador 🇸🇻
60%
Barbade 🇧🇧
59%
Bahamas 🇧🇸
57%
Antigua-et-barbuda 🇦🇬
57%
Trinité-et-tobago 🇹🇹
57%
Grenade 🇬🇩
52%
Sainte-Lucie 🇱🇨
44%
République dominicaine 🇩🇴
44%
Dominique 🇩🇲
39%
Saint-Christophe-et-Niévès 🇰🇳
25%
Aucun quiz correspondant
Distribution des résultats
% des personnes avec chaque résultat
Percentile par nombre de réponses
Votre historique - résultats
Vous n’avez pas pris ce quiz